Govt. of
Madhya Pradesh

Row And Rows Of Fences (Record no. 13991)

MARC details
000 -LEADER
fixed length control field 004870000a22001930004500
001 - CONTROL NUMBER
control field 002075
003 - CONTROL NUMBER IDENTIFIER
control field MACL
005 - DATE AND TIME OF LATEST TRANSACTION
control field 20151023102759.0
008 - FIXED-LENGTH DATA ELEMENTS--GENERAL INFORMATION
fixed length control field 151023b xxu||||| |||| 00| 0 eng d
040 ## - CATALOGING SOURCE
Original cataloging agency MACL
Transcribing agency MACL
041 ## - LANGUAGE CODE
Language code of text/sound track or separate title English
082 ## - DEWEY DECIMAL CLASSIFICATION NUMBER
Classification number 927/GHA
100 ## - MAIN ENTRY--PERSONAL NAME
Personal name Ghatak, Ritwik
9 (RLIN) 16308
245 ## - TITLE STATEMENT
Title Row And Rows Of Fences
Remainder of title On Cinema
Statement of responsibility, etc. Ritwik Ghatak
260 ## - PUBLICATION, DISTRIBUTION, ETC. (IMPRINT)
Place of publication, distribution, etc. Calcutta
Date of publication, distribution, etc. 2000
Name of publisher, distributor, etc. Seagull Publications,
350 ## - PRICE (NR) (BK AM CF MU VM SE) [OBSOLETE]
Price 325
650 ## - SUBJECT ADDED ENTRY--TOPICAL TERM
Topical term or geographic name as entry element Biography
9 (RLIN) 16309
942 ## - ADDED ENTRY ELEMENTS (KOHA)
Call number prefix 927
Koha item type Books
Source of classification or shelving scheme
Holdings
Withdrawn status Lost status Source of classification or shelving scheme Damaged status Not for loan Home library Current library Date acquired Cost, normal purchase price Total Checkouts Full call number Barcode Date last seen Uniform Resource Identifier Price effective from Koha item type
          MACL MACL 23/10/2015 325.00   927/GHA CRE014900 02/05/2024 13870 15/04/2015 Books